000 01248nab a2200241 i 4500
001 768714001
003 CO-MdFUSB
005 20240704171755.0
008 240704t sz ||||| |||| 00| 0 eng d
040 _bspa
_cCO-MdFUSB
_dCO-MdFUSB
041 _aeng
100 _aWilson, H.S.,
_eautor
245 1 _aGospel and Cultures :
_ba Perennial Challenge
_c/ H. S. Wilson
520 _aA medida que más y más iglesias jóvenes del Sur se involucran en actividades misioneras, una mayor comprensión de la interacción entre el evangelio y las culturas ciertamente ayudará al testimonio de la iglesia. Hay varios casos en los que los errores del pasado se repiten en la propagación del evangelio incluso hoy. Sólo la apertura a aprender del pasado, así como la apertura a los desafíos mutuos, pueden ayudar a rectificar esas repeticiones ciegas.
546 _aTexto en inglés.
650 7 _aCristianismo y cultura
_96959
650 0 _aEvangelización
_9362
650 7 _aIglesia
_9655
650 0 _aMisiones
_9154
773 0 _049396
_959537
_dGinebra
_oR1140
_tReformed World
_w(CO-MdFUSB)38
_x0034-3056
_gVolumen 45, (número 4, 1995) páginas: 177 - 186
_qpágina: 177
942 _cANA
945 _aCatherine Arias Álvarez - Practicante SENA
999 _c70437
_d70437